000 00553nam a2200217Ia 4500
003 OSt
005 20230616151045.0
008 210423s2008 xx 000 0 und d
020 _a8180522644
040 _cAL
041 _aeng
082 _a363.738
_223
_bAHLV
100 _aAHLUWALIA (V K).
_9101746
245 _aEnvironmental chemistry.
260 _aNew Delhi
_bAne Books India
_c2008
300 _axii,208
_bPB
365 _b150
_cINR
650 _aEnvironmental Problems
_9101747
906 _achemistry ; Environmental
942 _2ddc
_cBK
999 _c164086
_d164086